| 000 | 01605agaaa2200313 4500 | ||
|---|---|---|---|
| 001 | 1387 | ||
| 003 | IT-RoPAU | ||
| 005 | 20220918181241.0 | ||
| 007 | d cvaizq | ||
| 008 | 50131s9999||||xx ||| | || ||und|| | ||
| 040 |
_aIT-RoPAU _cIT-RoPAU |
||
| 041 | _aITALIANO | ||
| 100 |
_aRossellini Roberto _gCodice regista SPICS: 1870 _945459 |
||
| 130 |
_aANNO UNO _945460 |
||
| 245 |
_aANNO UNO _cSceneggiatura: Rossellini Roberto Mariani Marcella Scaffa Luciano -- Diretto da: Rossellini Roberto _pANNO UNO (Rif. Codice opera principale : 71387) |
||
| 250 | _aEdizione Standard | ||
| 260 |
_aMILANO (ITALIA) _bRUSCONI / Distribuzione: RAI TRE _g"1974 (1° ed.: 1988 ; Ed. Lingua Orig.: 1974)" |
||
| 300 |
_aVHS _bsonoro, col. _c120 minuti |
||
| 508 | _a"Fotografia: Montuori Mario; Montaggio: Benvenuti Jolanda; Musica: Nascimbene Mario; Sceneggiatura: Rossellini Roberto Mariani Marcella Scaffa Luciano; Scenografia: Mangano Giuseppe; " | ||
| 511 | _a"Vannucchi Luigi; Dominique-Darel; Rita-Calderoni; Valeria-Sabel; Gianni-Rizzo" | ||
| 520 | _aIN QUESTO FILM VENGONO TRATTATI ED ESAMINATI GLI AVVENIMENTI LEGATI ALLA FIGURA POLITICA DI ALCIDE DE GASPERI DALLA FINE DELLA GUERRA AL 1954 FILM BIOGRAFICO A COLORI | ||
| 538 | _aPAL, STEREO | ||
| 546 | _aITALIANO | ||
| 650 |
_aBIOGRAFICO _eFILMS [VHS] _xCodice MATERIA SPICS: 9960 _936736 |
||
| 700 |
_aNascimbene Mario _e(musica) _gCodice Musica SPICS: 11469 _945461 |
||
| 700 |
_aRossellini Roberto _e(regista) _gCodice regista SPICS: 1870 _945462 |
||
| 700 |
_aRossellini Roberto _e(soggetto) _gCodice Soggetto SPICS: 1870 _945463 |
||
| 942 |
_cVH _2ddc |
||
| 999 |
_c106166 _d106166 |
||